|
|
|
|
| LEADER |
00000nam0a2200000 4500 |
| 001 |
57808 |
| 005 |
20231101211705.0 |
| 035 |
|
|
|a (RuTPU)RU\TPU\book\61031
|
| 090 |
|
|
|a 57808
|
| 100 |
|
|
|a 20031117d1986 km y0rusy50 ca
|
| 101 |
0 |
|
|a rus
|
| 102 |
|
|
|a RU
|
| 105 |
|
|
|a a g 001zy
|
| 200 |
1 |
|
|a Источники электропитания радиоэлектронной аппаратуры
|f Г. С. Найвельт, К. Б. Мазель, Ч. И. Хусаинов и др.
|g под ред. Г. С. Найвельта
|
| 210 |
|
|
|a Москва
|c Радио и связь
|d 1986
|
| 215 |
|
|
|a 576 с.
|c ил.
|
| 225 |
1 |
|
|a Справочник
|
| 320 |
|
|
|a Библиогр.: с. 570-576.
|
| 606 |
1 |
|
|a Радиоэлектронная аппаратура
|x Электропитание
|2 stltpush
|3 (RuTPU)RU\TPU\subj\23420
|9 48020
|
| 610 |
1 |
|
|a радиотехника
|
| 610 |
1 |
|
|a источники вторичного электропитания
|
| 610 |
1 |
|
|a элементы
|
| 610 |
1 |
|
|a узлы
|
| 610 |
1 |
|
|a фильтры
|
| 610 |
1 |
|
|a дроссели
|
| 610 |
1 |
|
|a трансформаторы
|
| 610 |
1 |
|
|a выпрямители
|
| 610 |
1 |
|
|a сглаживающие фильтры
|
| 610 |
1 |
|
|a транзисторные стабилизаторы
|
| 610 |
1 |
|
|a напряжение
|
| 610 |
1 |
|
|a ток
|
| 610 |
1 |
|
|a тиристорные стабилизаторы
|
| 610 |
1 |
|
|a импульсные стабилизаторы
|
| 610 |
1 |
|
|a преобразователи
|
| 610 |
1 |
|
|a проецирование
|
| 610 |
1 |
|
|a конструирование
|
| 610 |
1 |
|
|a справочники
|
| 675 |
|
|
|a 621.396.6:621.311.6(035)
|v 3
|
| 701 |
|
1 |
|a Найвельт
|b Г. С.
|g Григорий Соломонович
|
| 701 |
|
1 |
|a Мазель
|b К. Б.
|g Климентий Борисович
|
| 701 |
|
1 |
|a Хусаинов
|b Ч. И.
|g Чингиз Идрисович
|
| 701 |
|
1 |
|a Затикян
|b Г. П.
|
| 701 |
|
1 |
|a Шаров
|b Л. Н.
|
| 702 |
|
1 |
|a Найвельт
|b Г. С.
|g Григорий Соломонович
|4 340
|
| 801 |
|
1 |
|a RU
|b 63413507
|c 20031117
|g PSBO
|
| 801 |
|
2 |
|a RU
|b 63413507
|c 20201029
|g PSBO
|
| 900 |
|
|
|a Элементы и устройства систем управления
|
| 900 |
|
|
|a Магнитные элементы электронных устройств
|
| 942 |
|
|
|c BK
|